00314nam a2200133Ia 4500008004000000082001700040100001000057245002500067260003800092300000800130650001500138650001400153700001300167210210b1985 xxu||||| |||| 00| 0 eng d a658.001 VARM aVARMA aManagerial economics aDelhi.bForward book depot,c1985 a368 aManagerial aeconomics aAGGRAWAL